000 00399nam a2200157Ia 4500
003 GCL
008 140319s9999 xx 000 0 eng d
040 _aGCL /
_cGCL
082 0 4 _a532.05
_bR F
100 1 _aRAISINGHANIA, M.D.
245 1 0 _aFLUID DYNAMICS /
_cRAISINGHANIA, M.D.
260 _a[S.N] :
_bS. CHAND & COMPANY LTD ،
_c1995
300 _a852\P
650 0 4 _aDYNAMICS
942 _2ddc
_cBK
999 _c11141
_d11141